| 000 | 00371nam a2200145 a 4500 | ||
|---|---|---|---|
| 001 | 3044 | ||
| 003 | CDMR | ||
| 005 | 20130326114248.0 | ||
| 008 | 130130s2011||||||||||||||||||||||||||||d | ||
| 040 |
_aCDMR _bcat _cCPC LLEIDA |
||
| 100 | 1 |
_aVallverdú, Josep _92231 |
|
| 245 | 1 | 0 |
_aPel món amb Ton Sirera _cVALLVERDÚ, Josep |
| 260 |
_aLleida _c2011 _bLa Clamor |
||
| 942 |
_cMON _2udc |
||
| 999 |
_c3044 _d3044 |
||